#13 Athletes Quiz Stats

 Plays Quiz Updated Jun 26, 2019

Score 0/12 Timer 03:00
10 Plays Today
Athlete % Correct
James Harden
93.3%
Steve Nash
92.9%
Dan Marino
86.1%
Wilt Chamberlain
81.7%
Alex Rodriguez
80.7%
Odell Beckham Jr.
80.7%
Kurt Warner
78.8%
Omar Vizquel
37.3%
Pavel Datsyuk
25.4%
Mats Sundin
25.4%
Billy Wagner
18.7%
Don Maynard
14.7%

You're not logged in!

Compare scores with friends on all Sporcle quizzes.
OR
Log In

Sporcle TV

Today on Sporcle TV


Watch our educational content, quiz creation guides, and fun videos on Sporcle TV.

Show Comments

Extras

Top Quizzes Today


Score Distribution

Your Account Isn't Verified!

In order to create a playlist on Sporcle, you need to verify the email address you used during registration. Go to your Sporcle Settings to finish the process.

Report this User

Report this user for behavior that violates our Community Guidelines.

Details: